000 00937nam a2200265 a 4500
003 OSt
005 20210818181741.0
008 121005s1993 ck a jr 0001jdspa d
020 _a9589093639
040 _bspa
041 0 _aspa
_hpor
082 0 4 _a863.44
_bB827s
100 1 _aBraz, Júlio Emilio,
_d1959-
245 1 0 _aSaguairu
_cJúlio Emílio Braz ; ilustraciones Heidi Brandt ; traducción Mónica Mansour
260 _aSantafé de Bogotá
_bFondo de Cultura Económica
_c1993
300 _a77 páginas
_bilustraciones
_c19 cm.
490 _aA la orilla del viento
586 _aPremio Jabuti 1989, categoria autor revelacao
650 4 _aNovela juvenil brasileña.
650 4 _aAmor
_v Novela juvenil.
650 4 _aAnsiedad
_v Novela juvenil.
700 _aBrandt, Heidi
_eilustradora
_950957
700 _aMansour, Mónica
_etraductora
_950958
942 _2ddc
_h863.44 B827s
_k863.44
_mB827s
999 _c12283
_d12283